Queen Best Hits - Statistics

General Stats
  • This quiz has been taken 50 times
    30 since last reset
  • The average score is 11 of 18
Answer Stats
Hint Answer % Correct
1975 Bohemian Rhapsody
95%
1977 We are the Champions
90%
1977 We will Rock You
85%
1979 Don't Stop me Now
75%
1974 Killer Queen
75%
1976 Somebody to Love
75%
1980 Another one Bites the Dust
70%
1984 Radio Ga Ga
70%
1991 The Show must Go on
70%
1981 Under Pressure
65%
1984 I Want to Break Free
60%
1975 You're my Best Friend
50%
1979 Crazy Little Thing Called Love
45%
1973 Seven Seas of Rhye
40%
1986 Who Wants to Live Forever
40%
1991 Innuendo
35%
1995 Mother Love
20%
1989 Scandal
15%
No matching quizzes found
Score Distribution
Percent of People with Each Score
Percentile by Number Answered
Your Score History
You have not taken this quiz since the last reset